000 00748nam a2200229Ia 4500
001 8524
003 GE_BSU
008 181216s||||||||xx |||||||||||||| ||und||
040 _cGE_BSU
080 _a821.353.1-311.6
100 _aზედგინიძე,გიორგი
245 _aგატეხილი ხიდი
245 _bისტორიული რომანი
245 _cრედ. ლ. თურბანდიშვილი. მხატვ. დ.ბერძენიშვილი
260 _aთბილისი
260 _bმერანი
260 _c1984
300 _a423გვ.20სმ.
653 _aგატეხილი ხიდი
653 _aრომანი
942 _cBK
999 _c41841
_d41841